Atlas de inteligencia artificial: Poder, política y costos planetarios.

Guardat en:
Dades bibliogràfiques
Autor principal: Crawford, Kate (autora)
Altres autors: Díaz Klaassen, Francisco (traductor)
Format: Llibre
Publicat: Ciudad Autónoma de Buenos Aires, Argentina: Fondo de Cultura Económica, 2022.
Edició:Primera edición.
Col·lecció:Tezontle.
Matèries:
Accés en línia:Disponible Online
Etiquetes: Afegir etiqueta
Sense etiquetes, Sigues el primer a etiquetar aquest registre!

MARC

LEADER 00000nam a22000007a 4500
003 CL-VaPUC
005 20250424140702.0
008 250128t2022 ||||| |||| 00| 0 eng d
999 |c 446889  |d 446887 
020 |a 978-987-719-369-5 
040 |c Pontificia Universidad Católica de Valparaíso 
082 |a 306.46 CRA 2022 
100 |9 895944  |a Crawford, Kate  |e autora 
245 |a Atlas de inteligencia artificial:  |b Poder, política y costos planetarios. 
250 |a Primera edición. 
260 |a Ciudad Autónoma de Buenos Aires, Argentina:  |b Fondo de Cultura Económica,   |c 2022. 
300 |a 444 páginas. 
490 |a Tezontle. 
500 |a c.1-c.2. Instituto Arcos.08-01-2025. 
583 |c 20250128  |k Gabriela Rodríguez Cuevas 
590 |a WorldCat record variable field(s) change: 050, 082, 650 
650 0 |9 262362  |a Inteligencia artificial (IA)  |x Aspectos sociales y políticos  
650 0 |9 262362  |a Inteligencia artificial (IA)  |x Peligros y riesgos 
700 |9 895947  |a Díaz Klaassen, Francisco  |e traductor 
856 4 0 |u https://pucv.idm.oclc.org/login?url=https://search.ebscohost.com/login.aspx?direct=true&scope=site&db=nlebk&db=nlabk&AN=3565437  |y Disponible Online  |3 EBSCOhost 
942 |2 ddc  |c BK  |n 0 
952 |0 0  |1 0  |2 ddc  |4 0  |6 306_460000000000000_CRA_2022  |7 0  |8 A  |9 600048  |a BIBINC  |b BIBINC  |d 2025-01-28  |e Instituto Arcos  |i 5664916  |o 306.46 CRA 2022  |p 5664916  |r 2025-01-28  |t 1  |w 2025-01-28  |y BK  |k IFP 
952 |0 0  |1 0  |2 ddc  |4 0  |6 306_460000000000000_CRA_2022  |7 0  |8 A  |9 601454  |a BIBINC  |b BIBINC  |d 2025-03-18  |e Instituto Arcos  |i 5666327  |o 306.46 CRA 2022  |p 5666327  |r 2025-03-18  |t 2  |w 2025-03-18  |y BK  |k IFP 
952 |0 0  |1 0  |2 ddc  |4 0  |6 306_460000000000000_CRA_2022  |7 5  |8 A  |9 602696  |a BIBINC  |b BIBINC  |c ONLINE  |d 2025-04-24  |e Instituto Arcos   |i 446889  |o 306.46 CRA 2022  |p 446889  |r 2025-04-24  |w 2025-04-24  |y EBK  |k IFP